000
00280nam a2200121Ia 4500
008
241002s9999 xx 000 0 und d
082
_a
808.3 KON
100
_a
Koningsberger, Hans
245
4
_a
The revolutionary
260
_a
London:
_c
1970
600
_a
Literature
942
_c
UC
999
_c
18751
_d
18751